Price and wage controls. : [A statement on national policy by the Research and policy Committee of the Committee for Economic Development].

Bibliographic Details
Corporate Author: Committee for Economic Development
Format: Book
Language:English
Published: New York, [publisher not identified] ; [1951]
Subjects:

MARC

Tag First Indicator Second Indicator Subfields
LEADER 00000cam a2200000 4500
001 in00000060277
005 20151008051619.0
008 750113s1951 nyu 00000 eng u
010 |a  52006825  
035 |a (OCoLC)01139053 
035 |9 AAG8972AM 
040 |c JHE  |d TXA  |d UtOrBLW 
049 |a TXAM  |c [201844] 
050 0 |a HB236.U5  |b C595 
092 |a 338.526  |b C734p 
110 2 |a Committee for Economic Development. 
245 1 0 |a Price and wage controls. :  |b [A statement on national policy by the Research and policy Committee of the Committee for Economic Development]. 
264 1 |a New York,  |b [publisher not identified] ;  |c [1951] 
300 |a 44 pages ;  |c 28cm. 
336 |a text  |b txt  |2 rdacontent 
337 |a unmediated  |b n  |2 rdamedia 
338 |a volume  |b nc  |2 rdacarrier 
650 0 |a Price regulation  |z United States. 
650 0 |a Wages  |z United States. 
999 |a MARS 
999 f f |s 2f99b129-1610-3155-9d11-6825638eb0dc  |i 6f647066-635e-3ecd-ab9f-7d71640f6991  |t 0 
952 f f |p ric  |a Texas A&M University  |b Rellis Campus  |c Joint Library Facility  |d Remote Storage  |t 0  |e HB236.U5 C595  |h Library of Congress classification  |i unmediated -- volume  |m A14800768532 
998 f f |a HB236.U5 C595  |t 0  |l Remote Storage